2000 1560 1973 1425 1332 1043 1153 1673 1142 1080 1646 1676 1649 1248 1332 1604 1893 1264 1783 1970 1764 1460 1091 1693 1279 1943 1049 1409 1998 1555 1691 1660 1323 1450 1614 1220 1431 1294 1813 1757 1760 1017 1318 1507 1085 1645 1221 1360 1229 1651 1228 1221 1551 1183 1502 1457 1641 1071 1902 1274 1641 1763 1223 1407 1933 1295 1929 1822 1031 1844 1946 1796 1775 1544 1446 1662 1737 1949 1547 1411 1412 1640 1222 1820 1466 1787 1964 1998 1450 1414 1359 1982 1500 1054 1285 1525 1172 1038 1627 BCNSPRNW ULIB Ver.6.0+V

เปลี่ยนเป็นภาษาไทย

Change to English
 แสดงรายละเอียดบรรณานุกรม
  กลับหน้าหลัก

Brief Record : Get Marc (ISO 2709) : E-mail record : QR code < ปิดหน้าต่าง
LEADER : 00000nam 2200000uu 4500
001    13399122591
003     ULIB
008    020711s2545 th a 000 0 tha d
020    9747406349
090    นว.^bV643ล
100    Victor Hugo;^e เขียน
245    ลูกทะเล /^cVictor Hugo ; เขียน,ธีรา สุขสวัสดิ์ ณ อยุธยา ; แปล
260    กรุงเทพฯ :^bข้าวฟ่าง,^c2545
300    276 หน้า
700    ธีรา สุขสวัสดิ์ ณ อยุธยา ;^e แปล
945    ^p140^l0^i20037
999    ^aทศพร เกษรทอง
รายการนี้ยังไม่มีแท็ก
คุณยังไม่ได้ล็อกอิน คุณสามารถมีกิจกรรมร่วมกับเว็บไซต์ได้ แต่ต้องล็อกอินก่อน ::
  ล็อกอิน

รายการสื่อสารสนเทศ

ลำดับที่ ประเภท เลขเรียก/บาร์โค้ด สถานที่ สถานะ
1. นวนิยาย
นวนิยาย
นว. V643ล ฉ.1 
  Barcode: 20037
ห้องสมุดวิทยาเขตสวรรค์ประชารักษ์
►นวนิยาย
บนชั้น
  ขอยืม

BibComment


ยังไม่เคยถูกคอมเมนท์

คอมเมนท์ทรัพยากรรายการนี้
  คอมเมนท์: ลูกทะเล Victor H..


 Copyright 2026. Bcnsprnw @Library